BTS Discography (Updated March 2026!) - Statistics

General Stats
  • This quiz has been taken 197 times
  • The average score is 231 of 363
Answer Stats
Hint Answer % Correct
O!RUL8,2? | Proof N.O
94%
WAKE UP N.O (Japanese Ver.)
94%
2 Cool 4 Skool Like
91%
Skool Luv Affair Special Addition Like (Slow Jam Remix)
91%
2 Cool 4 Skool | Proof No More Dream
90%
No More Dream (Japanese Ver.) | WAKE UP No More Dream (Japanese Ver.)
90%
Butter | Butter / Permission to Dance | Proof Butter
88%
MAP OF THE SOUL: 7 | Proof ON
88%
MAP OF THE SOUL: 7 ON (feat. Sia)
88%
BTS, THE BEST | MAP OF THE SOUL: 7 ~THE JOURNEY~ ON (Japanese Ver.)
88%
ARIRANG Hooligan
84%
Love Yourself 承 'Her' | Love Yourself 結 'Answer' MIC Drop
84%
BTS, THE BEST | Face Yourself | MIC Drop/DNA/Crystal Snow MIC Drop (Japanese Ver.)
84%
Love Yourself 結 'Answer' MIC Drop (Steve Aoki Remix) (Full Length Edition)
84%
Proof | The Most Beautiful Moment in Life Pt.2 Run
84%
The Most Beautiful Moment in Life: Young Forever RUN
84%
The Most Beautiful Moment in Life: Young Forever Run (Alternative Mix)
84%
The Most Beautiful Moment in Life: Young Forever Run (Ballad Mix)
84%
Run (Japanese Ver.) | Youth Run (Japanese Ver.)
84%
ARIRANG Body to Body
83%
MAP OF THE SOUL: 7 | MAP OF THE SOUL: PERSONA | Proof Boy With Luv (feat. Halsey)
83%
BTS, THE BEST | Lights/Boy With Luv | MAP OF THE SOUL: 7 ~THE JOURNEY~ Boy With Luv (Japanese Ver.)
83%
Proof | The Most Beautiful Moment in Life: Young Forever Fire
83%
Youth Fire (Japanese Ver.)
83%
Proof | The Most Beautiful Moment in Life Pt.1 | The Most Beautiful Moment in Life: Young Forever I Need U
83%
I Need U (Japanese Ver.) | Youth I Need U (Japanese Ver.)
83%
The Most Beautiful Moment in Life: Young Forever I Need U (Remix)
83%
The Most Beautiful Moment in Life: Young Forever I Need U (Urban Mix)
83%
ARIRANG SWIM
83%
ARIRANG 2.0
81%
ARIRANG Aliens
81%
Proof | Skool Luv Affair | Skool Luv Affair Special Addition Boy In Luv
81%
WAKE UP Boy In Luv (Japanese Ver.)
81%
Love Yourself 結 'Answer' | Love Yourself 轉 'Tear' | Proof FAKE LOVE
81%
BTS, THE BEST | FAKE LOVE/Airplane Pt.2 | MAP OF THE SOUL: 7 ~THE JOURNEY~ FAKE LOVE (Japanese Ver.)
81%
FAKE LOVE/Airplane Pt.2 FAKE LOVE (Japanese Ver.) (Remix)
81%
Love Yourself 結 'Answer' FAKE LOVE (Rocking Vibe Mix)
81%
Butter / Permission to Dance Permission to Dance
81%
Love Yourself 承 'Her' | Love Yourself 結 'Answer' | Proof DNA
80%
BTS, THE BEST | Face Yourself | MIC Drop/DNA/Crystal Snow DNA (Japanese Ver.)
80%
Love Yourself 結 'Answer' DNA (Pedal 2 LA Mix)
80%
Love Yourself 結 'Answer' Trivia 承: Love
80%
2 Cool 4 Skool We Are Bulletproof Pt.2
79%
BTS, THE BEST | Face Yourself | 血、汗、涙 (Chi, Ase, Namida) Blood Sweat & Tears (Japanese Ver.)
78%
BE | Proof Dynamite
78%
ARIRANG FYA
78%
Dark & Wild | Proof Danger
76%
WAKE UP Danger (Japanese Ver.)
76%
MAP OF THE SOUL: PERSONA Mikrokosmos
76%
ARIRANG NORMAL
76%
Proof | Wings | You Never Walk Alone Blood Sweat & Tears
75%
Love Yourself 結 'Answer' | Proof Euphoria
75%
ARIRANG Into the Sun
75%
Wings | You Never Walk Alone Lie
75%
Love Yourself 轉 'Tear' Outro: Tear
75%
Love Yourself 承 'Her' | Love Yourself 結 'Answer' | Proof Dimple
74%
ARIRANG Merry Go Round
74%
Proof | You Never Walk Alone Spring Day
74%
BTS, THE BEST | Face Yourself | 血、汗、涙 (Chi, Ase, Namida) Spring Day (Japanese Ver.)
74%
Take Two Take Two
74%
Love Yourself 結 'Answer' | Love Yourself 轉 'Tear' Airplane Pt.2
73%
FAKE LOVE/Airplane Pt.2 Airplane pt.2 (Japanese Ver.)
73%
MAP OF THE SOUL: 7 | MAP OF THE SOUL: PERSONA Dionysus
73%
Love Yourself 承 'Her' Intro : Serendipity
73%
ARIRANG Like Animals
73%
ARIRANG No.29
73%
You Never Walk Alone Outro: Wings
73%
Love Yourself 結 'Answer' Serendipity (Full Length Edition)
73%
The Most Beautiful Moment in Life Pt.2 | The Most Beautiful Moment in Life: Young Forever Silver Spoon
73%
Youth Silver Spoon (Japanese Ver.)
73%
Love Yourself 結 'Answer' Tear
73%
O!RUL8,2? Coffee
71%
BTS, THE BEST | MAP OF THE SOUL: 7 ~THE JOURNEY~ Dionysus (Japanese Ver.)
71%
Love Yourself 結 'Answer' IDOL
71%
Love Yourself 結 'Answer' IDOL (feat. Nicki Minaj)
71%
BTS, THE BEST | Lights/Boy With Luv | MAP OF THE SOUL: 7 ~THE JOURNEY~ IDOL (Japanese Ver.)
71%
Wings Interlude: Wings
71%
Love Yourself 轉 'Tear' Intro: Singularity
71%
BE | Proof Life Goes On
71%
Love Yourself 承 'Her' Outro: Her
71%
ARIRANG Please
71%
Love Yourself 結 'Answer' | Proof Singularity
71%
BTS, THE BEST | MAP OF THE SOUL: 7 ~THE JOURNEY~ Airplane Pt.2 (Japanese Ver.)
70%
MAP OF THE SOUL: 7 Black Swan
70%
BTS, THE BEST | MAP OF THE SOUL: 7 ~THE JOURNEY~ Black Swan (Japanese Ver.)
70%
The Most Beautiful Moment in Life Pt.1 | The Most Beautiful Moment in Life: Young Forever Dope
70%
I Need U (Japanese Ver.) | Youth Dope (Japanese Ver.)
70%
Love Yourself 結 'Answer' Epiphany
70%
Love Yourself 結 'Answer' | Proof Her
70%
Love Yourself 承 'Her' Pied Piper
70%
The Most Beautiful Moment in Life: Young Forever Save Me
70%
Youth Save Me (Japanese Ver.)
70%
ARIRANG they don't know 'bout us
70%
Dark & Wild BTS Cypher Pt.3: Killer
69%
Proof BTS Cypher Pt.3: Killer (Feat. Supreme Boi)
69%
BTS, THE BEST | Face Yourself | MIC Drop/DNA/Crystal Snow Crystal Snow
69%
For You | Youth For You
69%
MAP OF THE SOUL: 7 | MAP OF THE SOUL: PERSONA | Proof Intro: Persona
69%
BE Blue & Grey
68%
Wings | You Never Walk Alone BTS Cypher 4
68%
Skool Luv Affair | Skool Luv Affair Special Addition Just One Day
68%
WAKE UP Just One Day (Japanese Ver.)
68%
Proof Run BTS
68%
Dark & Wild War of Hormone
68%
For You War of Hormone (Japanese Ver.)
68%
Love Yourself 結 'Answer' | Love Yourself 轉 'Tear' Anpanman
66%
Skool Luv Affair | Skool Luv Affair Special Addition BTS Cypher Pt 2: Triptych
66%
MAP OF THE SOUL: PERSONA HOME
66%
Skool Luv Affair | Skool Luv Affair Special Addition Jump
66%
WAKE UP Jump (Japanese Ver.)
66%
You Never Walk Alone Not Today
66%
BTS, THE BEST | Face Yourself | 血、汗、涙 (Chi, Ase, Namida) Not Today (Japanese Ver.)
66%
ARIRANG One More Night
66%
Love Yourself 結 'Answer' | Love Yourself 轉 'Tear' The Truth Untold (Feat. Steve Aoki)
66%
Proof Yet To Come (The Most Beautiful Moment)
66%
The Most Beautiful Moment in Life Pt.2 | The Most Beautiful Moment in Life: Young Forever Butterfly
65%
The Most Beautiful Moment in Life: Young Forever Butterfly (Alternative Mix)
65%
Run (Japanese Ver.) | Youth Butterfly (Japanese Ver.)
65%
The Most Beautiful Moment in Life: Young Forever Butterfly (Prologue Mix)
65%
MAP OF THE SOUL: 7 | Proof Friends
65%
Love Yourself 承 'Her' | Love Yourself 結 'Answer' Go Go
65%
BTS, THE BEST | Face Yourself Go Go (Japanese Ver.)
65%
Love Yourself 結 'Answer' | Proof Trivia 轉: Seesaw
65%
MAP OF THE SOUL: 7 UGH!
65%
The Most Beautiful Moment in Life: Young Forever Epilogue: Young Forever
64%
Youth Epilogue: Young Forever (Japanese Ver.)
64%
BTS, THE BEST | Lights/Boy With Luv | MAP OF THE SOUL: 7 ~THE JOURNEY~ Lights
64%
Love Yourself 結 'Answer' | Love Yourself 轉 'Tear' Magic Shop
64%
BE | Proof Stay
64%
Wings | You Never Walk Alone 21st Century Girl
63%
BE Dis-ease
63%
WAKE UP Intro.
63%
MAP OF THE SOUL: 7 | MAP OF THE SOUL: PERSONA | Proof Jamais Vu
63%
WAKE UP Outro.
63%
MAP OF THE SOUL: 7 | Proof 00:00 (Zero O'Clock)
61%
Wings | You Never Walk Alone Begin
61%
O!RUL8,2? BTS Cypher Pt. 1
61%
The Most Beautiful Moment in Life: Young Forever House Of Cards (Full Length Edition)
61%
The Most Beautiful Moment in Life Pt.2 Outro: House of Cards
61%
Wings | You Never Walk Alone Stigma
61%
MAP OF THE SOUL: 7 We are Bulletproof: the Eternal
61%
The Most Beautiful Moment in Life Pt.1 | The Most Beautiful Moment in Life: Young Forever Converse High
60%
MAP OF THE SOUL: 7 | Proof Filter
60%
Love Yourself 轉 'Tear' Love Maze
60%
MAP OF THE SOUL: 7 | MAP OF THE SOUL: PERSONA Make It Right
60%
BTS, THE BEST | MAP OF THE SOUL: 7 ~THE JOURNEY~ Make It Right (Japanese Ver.)
60%
Love Yourself 結 'Answer' I'm Fine
59%
The Most Beautiful Moment in Life Pt.2 | The Most Beautiful Moment in Life: Young Forever Ma City
59%
Wings | You Never Walk Alone MAMA
59%
Skool Luv Affair | Skool Luv Affair Special Addition Spine Breaker
59%
BTS, THE BEST | MAP OF THE SOUL: 7 ~THE JOURNEY~ Stay Gold
59%
BE Telepathy
59%
Wings | You Never Walk Alone 2! 3!
58%
O!RUL8,2? Attack on Bangtan
58%
No More Dream (Japanese Ver.) | WAKE UP Attack on Bangtan (Japanese Ver.)
58%
BTS, THE BEST Film out
58%
Wings | You Never Walk Alone First Love
58%
MAP OF THE SOUL: 7 My Time
58%
Love Yourself 轉 'Tear' Paradise
58%
Love Yourself 結 'Answer' Trivia 起: Just Dance
58%
Love Yourself 轉 'Tear' 134340
56%
You Never Walk Alone A Supplementary Story: You Never Walk Alone
56%
Wings | You Never Walk Alone Awake
56%
BE Fly To My Room
56%
BTS World Original Soundtrack Heartbeat
56%
2 Cool 4 Skool Intro: 2 Cool 4 Skool
56%
MAP OF THE SOUL: 7 Louder than bombs
56%
MAP OF THE SOUL: 7 | Proof Moon
56%
Love Yourself 轉 'Tear' So What
56%
The Planet The Planet
56%
Skool Luv Affair | Skool Luv Affair Special Addition Tomorrow
56%
Love Yourself 承 'Her' Best Of Me
54%
Love Yourself 結 'Answer' Best of Me
54%
Face Yourself Best of Me (Japanese Ver.)
54%
BTS, THE BEST Best Of Me (Japanese Ver.)
54%
MAP OF THE SOUL: 7 Interlude: Shadow
54%
Skool Luv Affair | Skool Luv Affair Special Addition Intro: Skool Luv Affair
54%
Wings | You Never Walk Alone Lost
54%
Dark & Wild Rain
54%
Love Yourself 結 'Answer' Answer: Love Myself
53%
The Most Beautiful Moment in Life Pt.2 | The Most Beautiful Moment in Life: Young Forever Autumn Leaves
53%
The Most Beautiful Moment in Life Pt.1 | The Most Beautiful Moment in Life: Young Forever Hold Me Tight
53%
Wings | You Never Walk Alone Intro: Boy Meets Evil
53%
MAP OF THE SOUL: 7 | Proof Outro: Ego
53%
BE Skit
53%
WAKE UP Wake Up
51%
The Most Beautiful Moment in Life Pt.1 Boyz with Fun
50%
I Need U (Japanese Ver.) | Youth Boyz With Fun (Japanese Ver.)
50%
O!RUL8,2? If I Ruled the World
50%
Wings | You Never Walk Alone Reflection
50%
The Most Beautiful Moment in Life Pt.2 | The Most Beautiful Moment in Life: Young Forever Whalien 52
50%
Proof Born Singer
49%
BTS World Original Soundtrack Dream Glow (feat. Charli xcx)
49%
Proof For Youth
49%
MAP OF THE SOUL: 7 Inner Child
49%
MAP OF THE SOUL: 7 Respect
49%
O!RUL8,2? We On
49%
Youth Introduction: Youth
48%
BTS, THE BEST | Face Yourself Let Go
48%
Dark & Wild Let Me Know
48%
For You Let Me Know (Japanese Ver.)
48%
Skool Luv Affair Special Addition Miss Right
48%
BTS World Original Soundtrack All Night (feat. Juice WRLD)
46%
BTS, THE BEST | Face Yourself Don't Leave Me
46%
Dark & Wild Embarrassed
46%
Dark & Wild Hip Hop Phile
46%
O!RUL8,2? Intro: O!RUL8,2?
46%
Wings | You Never Walk Alone Am I Wrong
45%
2 Cool 4 Skool Interlude
45%
O!RUL8,2? Paldogangsan
45%
Dark & Wild So 4 more
44%
BTS, THE BEST | MAP OF THE SOUL: 7 ~THE JOURNEY~ Your eyes tell
44%
BTS World Original Soundtrack A Brand New Day (feat. Zara Larsson
43%
Dark & Wild Could You Turn Off Your Cell Phone
41%
The Most Beautiful Moment in Life Pt.1 Outro: Love Is Not Over
41%
The Most Beautiful Moment in Life: Young Forever Love Is Not Over (Full Length Edition)
40%
The Most Beautiful Moment in Life Pt.1 | The Most Beautiful Moment in Life: Young Forever Moving On
40%
The Most Beautiful Moment in Life Pt.1 | The Most Beautiful Moment in Life: Young Forever Intro: The Most Beautiful Moment in Life
39%
Dark & Wild Look Here
39%
The Most Beautiful Moment in Life Pt.2 Intro: Never Mind
36%
WAKE UP The Stars
36%
Skool Luv Affair | Skool Luv Affair Special Addition Outro: Propose
35%
MAP OF THE SOUL: 7 ~THE JOURNEY~ Outro: The Journey
35%
Dark & Wild Intro: What Am I To You
33%
O!RUL8,2? Outro: Luv In Skool
33%
Skool Luv Affair | Skool Luv Affair Special Addition Where You From
33%
Youth Wishing On A Star
31%
2 Cool 4 Skool Outro: Circle Room Cypher
30%
No More Dream (Japanese Ver.) | WAKE UP line!
29%
Face Yourself Outro: Crack
28%
Digital Single Come Back Home
26%
Run (Japanese Ver.) | Youth Good Day
26%
Dark & Wild Outro: Do You Think It Makes Sense?
26%
2 Cool 4 Skool Skit: Circle Room Talk
25%
Dark & Wild Interlude: What Are You Doing Now
24%
WAKE UP line! Pt.2 (Ano Bashode)
24%
Skool Luv Affair | Skool Luv Affair Special Addition Skit: Soulmate
24%
MAP OF THE SOUL: 7 ~THE JOURNEY~ Intro: Calling
23%
Face Yourself Intro: Ringwanderung
23%
Love Yourself 承 'Her' Skit: Billboard Music Awards Speech
21%
The Most Beautiful Moment in Life Pt.1 Skit: Expectation!
20%
The Most Beautiful Moment in Life Pt.2 Skit: One night in a strange city
20%
O!RUL8,2? Skit: R U Happy Now?
20%
Dark & Wild 24/7=Heaven
0%
No matching quizzes found
Score Distribution
Percent of People with Each Score
Percentile by Number Answered
Your Score History
You have not taken this quiz